书目信息 |
| 题名: |
纳米铝二元团簇结构及其吸附性能研究
|
|
| 作者: | 郭玲 著 | |
| 分册: | ||
| 出版信息: | 北京 科学出版社 2009 |
|
| 页数: | 168页 | |
| 开本: | 24cm | |
| 丛书名: | ||
| 单 册: | ||
| 中图分类: | O614.3 | |
| 科图分类: | ||
| 主题词: | 铝化合物--纳米材料--结构化学--研究 , 铝化合物 , 纳米材料 , 结构化学 | |
| 电子资源: | ||
| ISBN: | 978-7-03-024254-9 | |
| 000 | 01013nam0 2200289 450 | |
| 001 | 100428574602 | |
| 005 | 20090518134858.0 | |
| 010 | @a978-7-03-024254-9@dCNY48.00 | |
| 035 | @a004145034 | |
| 100 | @a20090512d2009 em y0chiy0110 ea | |
| 101 | 0 | @achi |
| 102 | @aCN@b110000 | |
| 105 | @aa z 000yy | |
| 106 | @ar | |
| 200 | 1 | @a纳米铝二元团簇结构及其吸附性能研究@9na mi lu er yuan tuan cu jie gou ji qi xi fu xing neng yan jiu@f郭玲著 |
| 210 | @a北京@c科学出版社@d2009 | |
| 215 | @a168页@c图@d24cm | |
| 330 | @a本书采用第一性原理中的各种方法对系列含铝团簇的几何结构和电子性质等进行理论研究,发现该类团簇的结构及其成键特征,为其他团簇的计算提供更为详尽的信息。 | |
| 333 | @a可供化学、材料、物理专业的科研人员、高校教师和研究生阅读参考。 | |
| 606 | 0 | @a铝化合物@x纳米材料@x结构化学@x研究 |
| 606 | 0 | @a铝化合物 |
| 606 | 0 | @a纳米材料 |
| 606 | 0 | @a结构化学 |
| 690 | @aO614.3@v4 | |
| 701 | 0 | @a郭玲@9guo ling@4著 |
| 801 | 0 | @aCN@bNLC@c20090519 |
| 905 | @b205984522-540@h598452-54@dO614.3@e15@f3 | |
| 纳米铝二元团簇结构及其吸附性能研究/郭玲著.-北京:科学出版社,2009 |
| 168页:图;24cm |
| 使用对象:可供化学、材料、物理专业的科研人员、高校教师和研究生阅读参考。 |
| ISBN 978-7-03-024254-9:CNY48.00 |
| 本书采用第一性原理中的各种方法对系列含铝团簇的几何结构和电子性质等进行理论研究,发现该类团簇的结构及其成键特征,为其他团簇的计算提供更为详尽的信息。 |
| ● |
| 相关链接 |
|
|
|
|
正题名:纳米铝二元团簇结构及其吸附性能研究
索取号:O614.3/15
 
预约/预借
| 序号 | 登录号 | 条形码 | 馆藏地/架位号 | 状态 | 备注 |
| 1 | 598452 | 205984522 | 第二样本阅览室/ [索取号:O614.3/15] | 在馆 | |
| 2 | 598453 | 205984531 | 计算机科学系资料室/ [索取号:O614.3/15] | 在馆 | |
| 3 | 598454 | 205984540 | 第三借阅区/ [索取号:O614.3/15] | 在馆 |